Mi primera Biblia / (Record no. 21045)
[ view plain ]
| 000 -LEADER | |
|---|---|
| fixed length control field | 01645cam a2200457Ka 4500 |
| 001 - CONTROL NUMBER | |
| control field | ocn244018738 |
| 003 - CONTROL NUMBER IDENTIFIER | |
| control field | OCoLC |
| 005 - DATE AND TIME OF LATEST TRANSACTION | |
| control field | 20180626152725.0 |
| 008 - FIXED-LENGTH DATA ELEMENTS--GENERAL INFORMATION | |
| fixed length control field | 080818s2007 nyua j 000 0 spa |
| 020 ## - INTERNATIONAL STANDARD BOOK NUMBER | |
| International Standard Book Number | 9780545056564 (board) |
| 020 ## - INTERNATIONAL STANDARD BOOK NUMBER | |
| International Standard Book Number | 054505656X (board) |
| 035 ## - SYSTEM CONTROL NUMBER | |
| System control number | (OCoLC)244018738 |
| Canceled/invalid control number | (OCoLC)191928539 |
| -- | (OCoLC)966506722 |
| 040 ## - CATALOGING SOURCE | |
| Original cataloging agency | JBU |
| Language of cataloging | eng |
| Transcribing agency | JBU |
| Modifying agency | BTCTA |
| -- | BAKER |
| -- | OCLCF |
| -- | GO3 |
| -- | OCLCQ |
| -- | OQX |
| -- | OCL |
| -- | DCB |
| 041 1# - LANGUAGE CODE | |
| Language code of text/sound track or separate title | spa |
| Language code of original | eng |
| 049 ## - LOCAL HOLDINGS (OCLC) | |
| Holding library | ORXA |
| 050 14 - LIBRARY OF CONGRESS CALL NUMBER | |
| Classification number | BS557.3 |
| Item number | .M663 2007 |
| 082 04 - DEWEY DECIMAL CLASSIFICATION NUMBER | |
| Classification number | 468 |
| Item number | Moo |
| 092 ## - LOCALLY ASSIGNED DEWEY CALL NUMBER (OCLC) | |
| Filing suffix | SPANISH j |
| Classification number | 220.9505 MOORE 2007 |
| 100 1# - MAIN ENTRY--PERSONAL NAME | |
| Personal name | Moore, Eva. |
| 240 10 - UNIFORM TITLE | |
| Uniform title | <a href="My first read and learn Bible.">My first read and learn Bible.</a> |
| Language of a work | Spanish. |
| 245 10 - TITLE STATEMENT | |
| Title | Mi primera Biblia / |
| Statement of responsibility, etc. | [stories retold by Eva Moore ; illustrated by Duendes del Sur]. |
| 246 3# - VARYING FORM OF TITLE | |
| Title proper/short title | Mi primera Biblia para los ninos. |
| 260 ## - PUBLICATION, DISTRIBUTION, ETC. (IMPRINT) | |
| Place of publication, distribution, etc. | New York : |
| Name of publisher, distributor, etc. | Scholastic/Scholastic en Espanol, |
| Date of publication, distribution, etc. | 2007. |
| 300 ## - PHYSICAL DESCRIPTION | |
| Extent | 37 pages : |
| Other physical details | color illustrations ; |
| Dimensions | 19 cm. |
| 336 ## - CONTENT TYPE | |
| Content type term | text |
| Content type code | txt |
| Source | rdacontent. |
| 337 ## - MEDIA TYPE | |
| Media type term | unmediated |
| Media type code | n |
| Source | rdamedia. |
| 338 ## - CARRIER TYPE | |
| Carrier type term | volume |
| Carrier type code | nc |
| Source | rdacarrier. |
| 490 1# - SERIES STATEMENT | |
| Series statement | Lee y aprende. |
| 500 ## - GENERAL NOTE | |
| General note | On board pages. |
| 500 ## - GENERAL NOTE | |
| General note | On cover "American Bible Society." |
| 520 ## - SUMMARY, ETC. | |
| Summary, etc. | Presents eight stories from the Old and New Testaments, including the story of Noah, the Nativity, and Jesus and the children. On board pages. |
| 546 ## - LANGUAGE NOTE | |
| Language note | In Spanish. |
| 650 #0 - SUBJECT ADDED ENTRY--TOPICAL TERM | |
| Topical term or geographic name as entry element | Bible stories, Spanish. |
| 650 #0 - SUBJECT ADDED ENTRY--TOPICAL TERM | |
| Topical term or geographic name as entry element | Board books. |
| 655 #7 - INDEX TERM--GENRE/FORM | |
| Genre/form data or focus term | Materiales en espanol. |
| Source of term | qlsp. |
| 690 ## - LOCAL SUBJECT ADDED ENTRY--TOPICAL TERM (OCLC, RLIN) | |
| Topical term or geographic name as entry element | Spanish language edition |
| Form subdivision | Juvenile nonfiction. |
| 710 2# - ADDED ENTRY--CORPORATE NAME | |
| Corporate name or jurisdiction name as entry element | Duendes Del Sur (Firm) |
| 710 2# - ADDED ENTRY--CORPORATE NAME | |
| Corporate name or jurisdiction name as entry element | American Bible Society. |
| 830 #0 - SERIES ADDED ENTRY--UNIFORM TITLE | |
| Uniform title | Lee y aprende. |
| 942 ## - ADDED ENTRY ELEMENTS (KOHA) | |
| Koha item type | Libro/Book |
No items available.